000 00730nam a22002297a 4500
003 UA-OsUOA
001 83027
007 ta
008 20120327b un ||||| |||| 00| 0 ukr d
100 _aКороль Л. Д.
090 _a159.922.8:378
_bК68
942 _cBK
040 _aUA-OsUOA
_bukr
_cUA-OsUOA
_dUA-OsUOA
245 _aПсихологія формування національного характеру (психолінгвістичний аспект)
_bнавчально-методичний посібник
300 _a228 с.
955 _a2
041 _aukr
080 _a159.922.8:378
260 _aОстрог
_bНаУОА
_c2012
650 7 _a159.9 Психологія
_2UDC
999 _c369365
_d369365